000 00290nam a22001337a 4500
008 181105b xxu||||| |||| 00| 0 eng d
020 _a9780155063549
041 _aeng
080 _22nd
_a371
100 _a46
101 _aEDU
245 _aViews and Values
_cSayers, K
942 _2udc
_cBK
999 _c51896
_d51896